| 000 | 01059nam a22003137a 4500 | ||
|---|---|---|---|
| 003 | CHAP | ||
| 005 | 20220329140335.0 | ||
| 008 | 971013s1986 r 00010 d | ||
| 010 | _a50665 | ||
| 011 | _a51637 | ||
| 035 | _a55787 | ||
| 040 | _cCHAP | ||
| 090 | _aFolleto 11646 | ||
| 100 | 0 | 0 |
_aRodríguez G., Nelson. _998495 |
| 245 | _aConsideraciones acerca de los sistemas fósforo y potasio y su importancia en la taxonomía de suelos | ||
| 260 |
_aMaracay : _bUniversidad Central de Venezuela. Facultad de Agronomía, _c1986 |
||
| 300 |
_a25 p. _b; gráfs. |
||
| 590 |
_aBATCH-UPD _b10 _c20130110 _lUCH01 _h1523 |
||
| 590 |
_aBATCH-UPD _b10 _c20130410 _lUCH01 _h0934 |
||
| 590 |
_aBATCH-UPD _b10 _c20130914 _lUCH01 _h2035 |
||
| 590 |
_aCONVERSION _b10 _c20130109 _lUCH01 _h1327 |
||
| 650 | 1 | 4 |
_aSuelos _xAnálisis. _9110204 |
| 650 | 1 | 4 |
_aSuelos _xClasificación. _9110239 |
| 650 | 1 | 4 |
_aSuelos _xFósforo en. _9110376 |
| 650 | 1 | 4 |
_aSuelos _xPotasio en. _9110462 |
| 901 | _aBK | ||
| 942 | _cFOLL | ||
| 949 |
_aFolleto 11646 _bBC _cFOLL _d-122223 _eTS1 _i55787 _mD _si |
||
| 999 |
_c50665 _d50665 |
||